[Event "21st European Teams Women"]
[Site "Hersonissos GRE"]
[Date "2017.11.04"]
[Round "7.13"]
[Board "2"]
[White "Makka, Evanthia"]
[Black "Heinemann, Josefine"]
[Result "0-1"]
[BlackTitle "WIM"]
[WhiteElo "2095"]
[BlackElo "2269"]
[WhiteTeam "Greece 2"]
[BlackTeam "Germany"]
[WhiteFideId "4207513"]
[BlackFideId "12900460"]
[EventDate "2017.10.28"]

1. Nf3 Nf6 2. g3 g6 3. Bg2 Bg7 4. O-O O-O 5. d4 d6 6. c4 Bg4 7. Qb3 Nc6 8. e3
Rb8 9. Nc3 Nd7 10. h3 Bxf3 11. Bxf3 e5 12. d5 Ne7 13. Qc2 f5 14. e4 Nf6 15. Qe2
Kh8 16. Bd2 Neg8 17. Rad1 Bh6 18. Be1 Qd7 19. Kh2 Rf7 20. Bg2 Rbf8 21. f3 Qe7
22. Bf2 b6 23. b4 Bg7 24. Bg1 Nh5 25. Bf2 Bf6 26. c5 f4 27. g4 Ng3 28. Qe1 Bh4
29. Rg1 h5 30. cxd6 cxd6 31. Qd2 Nh6 32. Rge1 Kh7 33. Kg1 hxg4 34. hxg4 Bg5 35.
Bh3 Ng8 36. Bg2 Bh6 37. Qd3 Qh4 38. Rc1 Nf6 39. Rc2 Bg5 40. Rb1 Kh8 41. Ne2 Rh7
42. Nxg3 fxg3 43. Be3 Bxe3+ 44. Qxe3 Nxg4 45. Qc1 Rhf7 46. Rb3 Nf2 47. Qe1 g5
48. Rcc3 g4 49. a4 Qh2+ 50. Kf1 Nh3 51. Qe3 Rxf3+ 0-1

[Event "21st European Teams Women"]
[Site "Hersonissos GRE"]
[Date "2017.11.04"]
[Round "7.13"]
[Board "3"]
[White "Hoolt, Sarah"]
[Black "Skaraki, Antigoni"]
[Result "1-0"]
[WhiteTitle "WGM"]
[WhiteElo "2423"]
[BlackElo "1992"]
[WhiteTeam "Germany"]
[BlackTeam "Greece 2"]
[WhiteFideId "24606812"]
[BlackFideId "4222970"]
[EventDate "2017.10.28"]

1. e4 c5 2. Nc3 d6 3. f4 Nc6 4. Bb5 g6 5. Bxc6+ bxc6 6. d3 Bg7 7. Nf3 e6 8. O-O
Ne7 9. Qe1 O-O 10. e5 d5 11. Na4 c4 12. d4 c3 13. Qxc3 Ba6 14. Re1 Rb8 15. b3 h5
16. Ba3 Re8 17. Bd6 Rc8 18. Nc5 Qb6 19. Nd7 Qb7 20. Nf6+ Bxf6 21. exf6 Nf5 22.
Bc5 Qc7 23. Ne5 Qd8 24. g4 Nh4 25. Qg3 Qxf6 26. g5 Qf5 27. Qxh4 Qxc2 28. Nd7 Kg7
29. Qf2 Qf5 30. Re5 Qd3 31. Re3 Qf5 32. Bd6 Red8 33. Be5+ Kg8 34. Nc5 Qg4+ 35.
Qg2 Be2 36. Rxe2 1-0

[Event "21st European Teams Women"]
[Site "Hersonissos GRE"]
[Date "2017.11.04"]
[Round "7.13"]
[Board "4"]
[White "Vozinaki, Anthi - Maria"]
[Black "Michna, Marta"]
[Result "0-1"]
[BlackTitle "WGM"]
[WhiteElo "1989"]
[BlackElo "2376"]
[WhiteTeam "Greece 2"]
[BlackTeam "Germany"]
[WhiteFideId "4263898"]
[BlackFideId "1106686"]
[EventDate "2017.10.28"]

1. e4 e6 2. d4 b6 3. Nc3 Bb7 4. Be3 Bb4 5. f3 d5 6. e5 Ne7 7. a3 Nf5 8. Bf2 Be7
9. Bd3 g6 10. Nce2 h5 11. f4 h4 12. Nf3 Ba6 13. Bxa6 Nxa6 14. Qd3 Nb8 15. c4 c6
16. Rc1 Qd7 17. Nc3 Kf8 18. O-O Kg7 19. Nd1 a5 20. Ne3 Na6 21. Rfd1 Nc7 22. Be1
Nxe3 23. Qxe3 dxc4 24. Rxc4 Nd5 25. Qe4 Rac8 26. Rdc1 c5 27. dxc5 Bxc5+ 28. Bf2
Bxf2+ 29. Kxf2 b5 30. Rxc8 Rxc8 31. Rxc8 Qxc8 32. Nxh4 Qc1 33. Qd4 Nxf4 34. Nf3
Qc2+ 35. Qd2 Qxd2+ 36. Nxd2 Nd3+ 37. Ke3 Nxb2 38. Kd4 b4 39. axb4 axb4 40. Nf3
Nd1 41. Kc4 Ne3+ 42. Kxb4 Nxg2 43. Kc4 Kh6 44. Kd3 Kh5 45. Ke4 Kg4 46. h3+ Kh5
47. Nd4 Nh4 48. Nb5 Nf5 49. Nd6 Nh6 50. Kf3 g5 51. Ne4 Kg6 52. Ng3 Nf5 53. Ne4
Nd4+ 54. Kg4 Nc6 55. Nxg5 Nxe5+ 56. Kf4 Nd3+ 57. Kg4 f5+ 58. Kh4 e5 59. Nf3 Kf6
60. Kg3 f4+ 61. Kg2 Kf5 62. Nh4+ Ke4 63. Nf3 Ke3 64. h4 e4 65. Nh2 Ne1+ 66. Kf1
Nf3 67. Ng4+ Kd2 68. Nf6 e3 69. Ne4+ Kd3 70. Nc5+ Kd4 71. Nb3+ Kc3 72. Nc1 Kd2
73. Nb3+ Kd1 0-1

[Event "21st European Teams Women"]
[Site "Hersonissos GRE"]
[Date "2017.11.04"]
[Round "7.14"]
[Board "1"]
[White "Stojkovska, Monika"]
[Black "Cornette, Deimante"]
[Result "0-1"]
[WhiteTitle "WFM"]
[BlackTitle "IM"]
[WhiteElo "2088"]
[BlackElo "2404"]
[WhiteTeam "FYROM"]
[BlackTeam "Lithuania"]
[WhiteFideId "15002594"]
[BlackFideId "12802859"]
[EventDate "2017.10.28"]

1. e4 Nf6 2. e5 Nd5 3. d4 d6 4. c4 Nb6 5. exd6 cxd6 6. Nc3 g6 7. Be3 Bg7 8. Rc1
O-O 9. b3 Bf5 10. Nf3 d5 11. c5 Nc8 12. Be2 Nc6 13. O-O Bg4 14. Ne5 Bxe2 15.
Nxc6 bxc6 16. Nxe2 e6 17. Qd2 Re8 18. Nf4 Ne7 19. Nd3 Nf5 20. Ne5 Rc8 21. Ng4
Nxe3 22. Nxe3 e5 23. dxe5 Rxe5 24. Nc2 Qf8 25. Qa5 Re7 26. Nb4 Qe8 27. Nd3 Qd7
28. Rfe1 Rce8 29. Rxe7 Rxe7 30. Re1 Re4 31. f3 Bd4+ 32. Kh1 Rxe1+ 33. Qxe1 Qf5
34. Qe2 Bxc5 35. g4 Qg5 36. Qe8+ Bf8 37. Qxc6 d4 38. Qe4 Qd8 39. Kg2 Bg7 40. b4
h6 41. Qb7 Qg5 42. Qxa7 Qd2+ 43. Nf2 Bf6 44. Qb8+ Kg7 45. Kg3 d3 46. Ne4 Qe1+
47. Kg2 d2 48. Qd6 d1=Q 49. Qxf6+ Kg8 0-1

[Event "21st European Teams Women"]
[Site "Hersonissos GRE"]
[Date "2017.11.04"]
[Round "7.14"]
[Board "2"]
[White "Zaksaite, Salomeja"]
[Black "Nikolovska, Dragana"]
[Result "1-0"]
[WhiteTitle "WIM"]
[WhiteElo "2272"]
[BlackElo "1854"]
[WhiteTeam "Lithuania"]
[BlackTeam "FYROM"]
[WhiteFideId "12801496"]
[BlackFideId "15000133"]
[EventDate "2017.10.28"]

1. e4 c5 2. Nf3 d6 3. d4 cxd4 4. Nxd4 Nf6 5. Nc3 g6 6. f4 Nfd7 7. Be3 Bg7 8. Bd3
Nc6 9. Nf3 O-O 10. O-O a6 11. Qe1 Nc5 12. Qh4 Nxd3 13. cxd3 e6 14. Qf2 Bd7 15.
d4 Rc8 16. Rad1 Qe7 17. Rfe1 Na5 18. Bc1 b5 19. e5 d5 20. a3 Nb3 21. Be3 a5 22.
f5 gxf5 23. Bg5 Qe8 24. Bf6 Kh8 25. Qh4 Bxf6 26. Qxf6+ Kg8 27. Ng5 Qd8 28. Qh6 1-0

[Event "21st European Teams Women"]
[Site "Hersonissos GRE"]
[Date "2017.11.04"]
[Round "7.14"]
[Board "3"]
[White "Bejatovic, Bojana"]
[Black "Kiseleva, Simona"]
[Result "0-1"]
[BlackTitle "WIM"]
[WhiteElo "2035"]
[BlackElo "2241"]
[WhiteTeam "FYROM"]
[BlackTeam "Lithuania"]
[WhiteFideId "15000141"]
[BlackFideId "12802506"]
[EventDate "2017.10.28"]

1. d4 d6 2. e4 Nf6 3. Nc3 c6 4. Nf3 Bg4 5. Be2 e6 6. O-O Be7 7. h3 Bh5 8. Bf4 d5
9. exd5 cxd5 10. Nb5 Na6 11. b3 O-O 12. c4 Nb4 13. c5 Ne4 14. a3 Nc6 15. Rc1 a6
16. Nc3 Bf6 17. g4 Nxc3 18. Rxc3 Bg6 19. g5 Be7 20. h4 f6 21. Qd2 Kh8 22. Nh2 e5
23. gxf6 exf4 24. fxe7 Qxe7 25. h5 Be4 26. Bg4 Qg5 27. f3 Bf5 28. Kh1 Bxg4 29.
fxg4 Rae8 30. Rg1 Qh4 31. Rf3 Re4 32. Rgf1 Qf6 33. Rd3 Nxd4 34. Qb2 Qe5 35. Qf2
Ne2 36. Nf3 Qe7 37. Kg2 Ng3 38. Re1 Re8 39. Rxd5 h6 40. Rdd1 Qf7 41. Rxe4 Nxe4
42. Qc2 Qe6 43. Nh2 Ng5 44. Rf1 f3+ 45. Kh1 Qc6 46. Qg6 Re6 0-1

[Event "21st European Teams Women"]
[Site "Hersonissos GRE"]
[Date "2017.11.04"]
[Round "7.14"]
[Board "4"]
[White "Gailiunaite, Saule"]
[Black "Koskoska, Gabriela"]
[Result "1/2-1/2"]
[BlackTitle "WIM"]
[WhiteElo "1838"]
[BlackElo "2018"]
[WhiteTeam "Lithuania"]
[BlackTeam "FYROM"]
[WhiteFideId "12807737"]
[BlackFideId "15000630"]
[EventDate "2017.10.28"]

1. d4 d5 2. Nf3 Nf6 3. Bf4 c6 4. c3 e6 5. e3 Bd6 6. Bg3 O-O 7. Be2 Qc7 8. O-O
Bxg3 9. hxg3 Nbd7 10. Nbd2 e5 11. dxe5 Nxe5 12. Nxe5 Qxe5 13. Nf3 Qh5 14. Nh2
Qh6 15. Ng4 Bxg4 16. Bxg4 Rfe8 17. Bf3 Ne4 18. Qc2 Qe6 19. Rfd1 Ng5 20. Be2 Rad8
21. a4 Ne4 22. Bf3 Ng5 23. Be2 Ne4 24. Bf3 Ng5 25. Be2 Ne4 26. Bf3 Ng5 1/2-1/2

[Event "21st European Teams Women"]
[Site "Hersonissos GRE"]
[Date "2017.11.04"]
[Round "7.15"]
[Board "1"]
[White "Goossens, Hanne"]
[Black "Repkova, Eva"]
[Result "1-0"]
[WhiteTitle "WFM"]
[BlackTitle "IM"]
[WhiteElo "2188"]
[BlackElo "2323"]
[WhiteTeam "Belgium"]
[BlackTeam "Slovakia"]
[WhiteFideId "200468"]
[BlackFideId "14900440"]
[EventDate "2017.10.28"]

1. e4 e5 2. Nf3 Nc6 3. Bc4 Bc5 4. c3 Nf6 5. d3 d6 6. Bb3 a6 7. O-O Ba7 8. Be3
O-O 9. Nbd2 Ne7 10. Bxa7 Rxa7 11. Nh4 d5 12. f4 dxe4 13. fxe5 Ng4 14. Nxe4 Nd5
15. Qe1 Nxe5 16. Qg3 Ng6 17. Nxg6 hxg6 18. Ng5 f6 19. Qh4 fxg5 20. Bxd5+ Qxd5
21. Rxf8+ Kxf8 22. Qf2+ Kg8 23. Qxa7 Qxd3 24. Re1 Kh7 25. Qd4 Qf5 26. Qe5 c5 27.
Qxf5 gxf5 28. Re7 Kg6 29. Rc7 Be6 30. Rxb7 Bxa2 31. Rb6+ Kf7 32. b4 cxb4 33.
Rxb4 Bd5 34. Kf2 Ke7 35. Rb6 Bc4 36. Rg6 Kf7 37. Rc6 Bd3 38. c4 f4 39. c5 g6 40.
Rd6 Bf5 41. Rxa6 g4 42. Ra4 g5 43. Rd4 Bc8 44. Rd8 1-0

[Event "21st European Teams Women"]
[Site "Hersonissos GRE"]
[Date "2017.11.04"]
[Round "7.15"]
[Board "2"]
[White "Cibickova, Zuzana"]
[Black "Barbier, Wiebke"]
[Result "1-0"]
[WhiteTitle "WGM"]
[WhiteElo "2290"]
[BlackElo "2013"]
[WhiteTeam "Slovakia"]
[BlackTeam "Belgium"]
[WhiteFideId "14905779"]
[BlackFideId "207977"]
[EventDate "2017.10.28"]

1. e4 d6 2. d4 Nf6 3. Nc3 e5 4. Nge2 Nbd7 5. h3 c6 6. g4 exd4 7. Qxd4 Ne5 8. Bg2
Qb6 9. Bf4 Qxd4 10. Nxd4 Be7 11. O-O-O O-O 12. Bg3 a5 13. a4 Ne8 14. f4 Nd7 15.
Nf5 Bf6 16. Be1 Nc5 17. Nxd6 Bxc3 18. Bxc3 Nxa4 19. Nxc8 Nxc3 20. Ne7+ Kh8 21.
bxc3 a4 22. Rd7 a3 23. Kb1 g6 24. Ka2 c5 25. e5 Ra4 26. Nd5 Ng7 27. Rxb7 Ne6 28.
Rf1 c4 29. Nb6 Ra6 30. Nxc4 Rc8 31. Bd5 Nc5 32. Rb4 Kg7 33. Nd6 Rc7 34. Ne8+ 1-0

[Event "21st European Teams Women"]
[Site "Hersonissos GRE"]
[Date "2017.11.04"]
[Round "7.15"]
[Board "3"]
[White "Barbier, Astrid"]
[Black "Vrbova, Niki"]
[Result "0-1"]
[BlackTitle "WFM"]
[WhiteElo "1815"]
[BlackElo "2188"]
[WhiteTeam "Belgium"]
[BlackTeam "Slovakia"]
[WhiteFideId "200395"]
[BlackFideId "14906341"]
[EventDate "2017.10.28"]

1. e4 d5 2. exd5 Nf6 3. d3 Nxd5 4. g3 e5 5. Bg2 Nc6 6. Nf3 Bg4 7. c3 Be7 8. O-O
O-O 9. Qc2 Re8 10. Nbd2 Nb6 11. Nb3 Bf5 12. Rd1 Qd7 13. Qe2 Bf8 14. Qf1 Rad8 15.
d4 e4 16. Ne1 a5 17. Nc2 a4 18. Nd2 Bg6 19. Nc4 Nxc4 20. Qxc4 Ne5 21. Qf1 Nd3
22. Ne3 c5 23. Nc2 cxd4 24. Nxd4 Bc5 25. Be3 Nxb2 26. Rd2 Nd3 27. Rb1 b6 28. Qd1
f5 29. Bh3 Ra8 30. Qe2 Qf7 31. Nb5 Bh5 32. Qf1 Rad8 33. Bxc5 bxc5 34. Na3 Ne5
35. Rdb2 Nf3+ 36. Kh1 Nd2 37. Rxd2 Rxd2 38. Nc4 Be2 39. Qe1 Bf3+ 40. Bg2 Re2 41.
Nd6 Rxe1+ 42. Rxe1 Bxg2+ 43. Kxg2 Qe6 0-1

[Event "21st European Teams Women"]
[Site "Hersonissos GRE"]
[Date "2017.11.04"]
[Round "7.15"]
[Board "4"]
[White "Vrtiakova, Anna"]
[Black "Vanduyfhuys, Daria"]
[Result "0-1"]
[WhiteTitle "WFM"]
[BlackTitle "WCM"]
[WhiteElo "1994"]
[BlackElo "1737"]
[WhiteTeam "Slovakia"]
[BlackTeam "Belgium"]
[WhiteFideId "14927870"]
[BlackFideId "246336"]
[EventDate "2017.10.28"]

1. e4 c5 2. Nf3 Nc6 3. d4 cxd4 4. Nxd4 e5 5. Nb5 d6 6. N1c3 a6 7. Na3 Be7 8. Nc4
b5 9. Ne3 Nf6 10. g3 Be6 11. Bg2 Rc8 12. Ncd5 O-O 13. O-O g6 14. c3 Na5 15. Kh1
Nc4 16. a4 Nxd5 17. Nxd5 Bxd5 18. exd5 f5 19. Qe2 Qd7 20. b3 Nb6 21. Be3 Bd8 22.
a5 Na8 23. Bd2 Nc7 24. c4 Bf6 25. Rac1 bxc4 26. bxc4 Ne8 27. Rb1 Bd8 28. Rfc1
Nf6 29. Bb4 Qe7 30. Rb2 Nd7 31. Rcb1 Rf7 32. Bh3 Nc5 33. Bg2 Kg7 34. Bd2 Qd7 35.
f4 e4 36. Bc3+ Kf8 37. Rc2 Nb7 38. g4 Nc5 39. gxf5 gxf5 40. Bh3 Bf6 41. Bd2 Bd4
42. Be3 Bxe3 43. Qxe3 Qd8 44. Qc3 Qf6 45. Qe3 Rfc7 46. Rg2 Rg7 47. Rxg7 Kxg7 48.
Rg1+ Kf7 49. Rg5 Qa1+ 50. Qg1 Qxg1+ 51. Kxg1 Rb8 52. Rxf5+ Ke7 53. Rh5 e3 54.
Kf1 Rb2 55. Bg4 Rf2+ 56. Kg1 Ne4 57. Rh3 e2 58. Bxe2 Rxe2 59. Rxh7+ Kf6 60. Ra7
Nc5 61. Ra8 Re4 62. Rd8 Ke7 63. Rg8 Rxf4 64. Kg2 Rxc4 65. Rh8 Rd4 66. Rh7+ Kf6
67. Rh6+ Ke5 68. Rh5+ Ke4 69. Rh4+ Kxd5 70. Rh5+ Ke6 71. h4 Rf4 72. Kg3 Rf6 73.
Rh8 d5 74. Re8+ Kf5 75. Kf3 d4 76. Rd8 Ne6 77. Rd5+ Kg6+ 78. Ke4 Rf4+ 79. Kd3
Rf3+ 80. Kd2 Rf5 81. Rd6 Kf6 82. Rxa6 Ke5 83. Ra8 Ke4 84. Re8 Kd5 85. a6 Rf2+
86. Ke1 Ra2 87. h5 Rxa6 88. Rg8 Nf4 89. Kd2 Ra2+ 90. Ke1 Rh2 91. Rd8+ Ke4 92.
Re8+ Kd3 93. Ra8 Rxh5 94. Ra3+ Kc2 95. Ra2+ Kb3 96. Ra8 d3 97. Rb8+ Kc4 98. Rc8+
Rc5 99. Rf8 Ne6 100. Rf6 Nd4 101. Kd2 Rf5 102. Ra6 Rf2+ 103. Kd1 Kc3 104. Ra3+
Nb3 0-1

[Event "21st European Teams Women"]
[Site "Hersonissos GRE"]
[Date "2017.11.04"]
[Round "7.16"]
[Board "1"]
[White "Milovic, Aleksandra"]
[Black "Nazarova, Anastasia"]
[Result "0-1"]
[WhiteTitle "WIM"]
[BlackTitle "WCM"]
[WhiteElo "2191"]
[BlackElo "1997"]
[WhiteTeam "Montenegro"]
[BlackTeam "Finland"]
[WhiteFideId "933988"]
[BlackFideId "34101737"]
[EventDate "2017.10.28"]

1. d4 d5 2. Bg5 Nf6 3. e3 e6 4. Bd3 Be7 5. Ne2 h6 6. Bh4 O-O 7. O-O Nbd7 8. c4
dxc4 9. Bxc4 c5 10. Nbc3 Qb6 11. a4 cxd4 12. exd4 Qa5 13. Nc1 Nb6 14. Bb5 Nbd5
15. Nb3 Qd8 16. Re1 Bd7 17. Bf1 Rc8 18. Qf3 Bc6 19. Bb5 Re8 20. Bxc6 Rxc6 21.
Rad1 Nxc3 22. bxc3 Nd5 23. Bxe7 Rxe7 24. Nc5 b6 25. c4 Nb4 26. Rb1 bxc5 27. Rxb4
Rec7 28. dxc5 Rxc5 29. Rd1 Qe8 30. Qb3 Kh7 31. Rb8 Rc8 32. Rxc8 Qxc8 33. Rd4 Qc6
34. h4 Ra5 35. Qd3+ f5 36. Rd6 Qe8 37. Rd8 Qxa4 38. h5 Qa1+ 39. Kh2 Qf6 40. g3
Qg5 41. Qd1 Ra2 42. Kg2 Qe3 43. Qf3 Qc5 44. g4 Qxc4 45. gxf5 Qh4 46. f6 Qg5+ 47.
Qg3 Rxf2+ 48. Kxf2 Qxf6+ 49. Ke2 Qxd8 50. Qg6+ Kh8 51. Qxe6 a5 52. Qc4 Qe8+ 53.
Kf2 Qxh5 54. Qc8+ Kh7 55. Qc2+ Qg6 56. Qa4 Qf5+ 57. Kg2 h5 58. Kh2 Qg5 59. Qe4+
Qg6 60. Qa4 Qf5 61. Qe8 h4 62. Qa4 Qg5 63. Qe4+ Qg6 64. Qa4 Qg3+ 65. Kh1 h3 66.
Qe4+ Qg6 67. Qh4+ Kg8 68. Qd8+ Kf7 69. Qd7+ Kf8 70. Qd8+ Qe8 71. Qd6+ Qe7 72.
Qb8+ Kf7 73. Qf4+ Qf6 74. Qc4+ Kg6 75. Qg4+ Qg5 76. Qe6+ Kh7 77. Qe4+ Kh6 78.
Qe6+ g6 0-1

[Event "21st European Teams Women"]
[Site "Hersonissos GRE"]
[Date "2017.11.04"]
[Round "7.16"]
[Board "2"]
[White "Dannenberg, Alia"]
[Black "Stojanovic, Marija R"]
[Result "0-1"]
[BlackTitle "WIM"]
[WhiteElo "1975"]
[BlackElo "2102"]
[WhiteTeam "Finland"]
[BlackTeam "Montenegro"]
[WhiteFideId "504688"]
[BlackFideId "931411"]
[EventDate "2017.10.28"]

1. e4 c5 2. Nc3 Nc6 3. g3 g6 4. Bg2 Bg7 5. d3 d6 6. Be3 e6 7. Qd2 Nge7 8. Bh6
O-O 9. h4 f6 10. Bxg7 Kxg7 11. h5 g5 12. h6+ Kh8 13. f4 gxf4 14. gxf4 Rb8 15.
Nf3 b5 16. O-O-O Qa5 17. Kb1 Nb4 18. d4 c4 19. e5 fxe5 20. fxe5 Nbd5 21. Nxd5
Qxd2 22. Rxd2 Nxd5 23. Rf1 Ne3 24. Rg1 Nxg2 25. Rdxg2 Bb7 26. Rg7 Bxf3 27. exd6
Be4 28. a3 Bg6 29. Rxa7 Rbd8 30. d7 Rf7 31. Re1 Rfxd7 32. Rxd7 Rxd7 33. Rxe6
Rxd4 34. Re5 Kg8 35. Kc1 Rh4 36. Rxb5 Rxh6 37. c3 Rh5 38. Rb8+ Kg7 39. b3 Rh3
40. bxc4 Rxc3+ 41. Kd2 Rxc4 42. Ra8 h5 43. Ke3 Kf6 44. Ra5 h4 45. Kf2 Bf5 46.
Rb5 Kg5 47. Kg1 Kg4 48. Rb3 Be4 49. Re3 Bf3 50. Re7 Kg3 51. Rg7+ Bg4 0-1

[Event "21st European Teams Women"]
[Site "Hersonissos GRE"]
[Date "2017.11.04"]
[Round "7.16"]
[Board "3"]
[White "Koljevic, Nikolina"]
[Black "Puuska, Heini"]
[Result "1-0"]
[BlackTitle "WFM"]
[WhiteElo "1837"]
[BlackElo "1947"]
[WhiteTeam "Montenegro"]
[BlackTeam "Finland"]
[WhiteFideId "16503945"]
[BlackFideId "502324"]
[EventDate "2017.10.28"]

1. e4 c5 2. Nf3 e6 3. d4 cxd4 4. Nxd4 Nc6 5. Nc3 Qc7 6. Be3 a6 7. Qf3 Nf6 8.
O-O-O h5 9. Nxc6 bxc6 10. Be2 Ng4 11. Bf4 e5 12. Bg5 Bc5 13. h3 Nxf2 14. Rhf1 f6
15. Bxf6 gxf6 16. Qxf6 Be3+ 17. Kb1 Rh6 18. Qh4 Qa5 19. Bxh5+ Rxh5 20. Qxh5+ Kd8
21. Qh4+ Kc7 22. Rxf2 Bxf2 23. Qxf2 Rb8 24. Qd2 Qb4 25. b3 a5 26. g4 a4 27. Nxa4
Qxa4 28. Qd6+ Kd8 29. Qxb8 Qxe4 30. Qd6 Qf3 31. g5 Qxh3 32. Qxe5 d5 33. Re1 Bd7
34. Qb8+ Bc8 35. Qb6+ Kd7 36. Qa7+ 1-0

[Event "21st European Teams Women"]
[Site "Hersonissos GRE"]
[Date "2017.11.04"]
[Round "7.16"]
[Board "4"]
[White "Walta, Paivi"]
[Black "Delevic, Nina"]
[Result "0-1"]
[WhiteTitle "WFM"]
[WhiteElo "1672"]
[BlackElo "1745"]
[WhiteTeam "Finland"]
[BlackTeam "Montenegro"]
[WhiteFideId "504513"]
[BlackFideId "939650"]
[EventDate "2017.10.28"]

1. e4 d6 2. d4 Nf6 3. Nc3 g6 4. Be3 Bg7 5. f3 Nbd7 6. Qd2 e5 7. Nge2 Nb6 8. Ng3
exd4 9. Bxd4 Be6 10. b3 c5 11. Be3 O-O 12. Rd1 Nfd7 13. Nd5 Bxd5 14. exd5 Re8
15. Be2 Qe7 16. Bf2 Nf6 17. c4 h5 18. h4 Kh7 19. O-O Bh6 20. Qc2 Be3 21. Bd3
Bxf2+ 22. Qxf2 Nbd7 23. Rde1 Qf8 24. Ne2 Qh6 25. Nc3 Ne5 26. Bb1 a6 27. Re2 Qf4
28. Rd1 Re7 29. Red2 Rae8 30. Ne2 Qh6 31. Kf1 Kh8 32. Ng1 Neg4 33. Qg3 Ne3+ 34.
Kf2 Nxd1+ 35. Rxd1 Qe3+ 36. Kf1 Qe5 37. Qxe5 Rxe5 38. Nh3 Re2 39. Nf4 R2e7 40.
Nh3 Kg7 41. Bd3 Nd7 42. Ng5 Ne5 43. Bb1 b5 44. cxb5 axb5 45. Ne4 Rd8 46. Nc3 Rb7
47. Re1 f5 48. Ne2 c4 49. Nf4 Rc8 50. Ne6+ Kf6 51. f4 Nf7 52. Nd4 Nd8 53. Rc1 c3
54. Bd3 b4 55. Ba6 Rc5 56. Bxb7 Nxb7 57. Nc6 Rxd5 58. Nxb4 Rd4 59. a3 Rxf4+ 60.
Ke2 Re4+ 61. Kf3 Rxh4 62. Rxc3 Nc5 63. Nd5+ Ke5 64. Ne7 Kf6 65. Nc8 Ne4 66. Rd3
Ke5 67. g3 Rh2 68. Nb6 Rf2+ 69. Ke3 Rg2 70. Nc4+ Ke6 71. Kd4 Nxg3 72. Re3+ Ne4
73. b4 d5 74. Ne5 f4 75. Rf3 g5 76. b5 Rb2 77. a4 Rb4+ 78. Kd3 Kxe5 79. Rf1 Rxa4
80. Rb1 Nc5+ 0-1

[Event "21st European Teams Women"]
[Site "Hersonissos GRE"]
[Date "2017.11.05"]
[Round "8.1"]
[Board "4"]
[White "Girya, Olga"]
[Black "Isgandarova, Khayala"]
[Result "1-0"]
[WhiteTitle "WGM"]
[BlackTitle "WIM"]
[WhiteElo "2505"]
[BlackElo "2242"]
[WhiteTeam "Russia"]
[BlackTeam "Turkey"]
[WhiteFideId "4195752"]
[BlackFideId "13401823"]
[EventDate "2017.10.28"]

1. d4 Nf6 2. c4 g6 3. Nc3 Bg7 4. e4 d6 5. Be2 O-O 6. Be3 e5 7. d5 a5 8. g4 Na6
9. g5 Ne8 10. h4 f5 11. gxf6 Nxf6 12. h5 Nc5 13. hxg6 hxg6 14. Bxc5 dxc5 15. Qd3
Ng4 16. f3 Nf6 17. Qe3 Nh5 18. O-O-O Nf4 19. Bf1 a4 20. Qxc5 Qg5 21. Kb1 a3 22.
Qxc7 Rf7 23. Qb6 axb2 24. c5 Nh5 25. Bc4 Qe3 26. Nge2 Nf4 27. Nxf4 Qxc3 28. Nxg6
Bf5 29. Bb3 Bxg6 30. Qxg6 Qxf3 31. d6 Qxb3 32. axb3 Rf2 33. Qe6+ Kf8 34. Rd2 1-0

[Event "21st European Teams Women"]
[Site "Hersonissos GRE"]
[Date "2017.11.05"]
[Round "8.2"]
[Board "1"]
[White "Socko, Monika"]
[Black "Dzagnidze, Nana"]
[Result "1/2-1/2"]
[WhiteTitle "GM"]
[BlackTitle "GM"]
[WhiteElo "2479"]
[BlackElo "2520"]
[WhiteTeam "Poland"]
[BlackTeam "Georgia"]
[WhiteFideId "1106619"]
[BlackFideId "13601903"]
[EventDate "2017.10.28"]

1. d4 d5 2. c4 e6 3. Nc3 c6 4. cxd5 exd5 5. Bf4 Bd6 6. Bxd6 Qxd6 7. e3 Bf5 8.
Bd3 Bxd3 9. Qxd3 Nd7 10. Nf3 Ngf6 11. O-O O-O 12. Rab1 a5 13. Rfc1 Rfe8 14. Qf5
h6 15. Nd2 Nf8 16. Na4 Ne6 17. Nf3 Ne4 18. Nc3 N6g5 19. Nxe4 Nxe4 20. Ne5 Qe7
21. Rc2 Rad8 22. Nd3 Qg5 23. Qxg5 hxg5 24. Nc5 Nd6 25. Re1 g4 26. g3 f6 27. Kg2
Kf7 28. h3 gxh3+ 29. Kxh3 Rh8+ 30. Kg2 Rh5 31. Rh1 Rxh1 1/2-1/2

[Event "21st European Teams Women"]
[Site "Hersonissos GRE"]
[Date "2017.11.05"]
[Round "8.2"]
[Board "2"]
[White "Batsiashvili, Nino"]
[Black "Zawadzka, Jolanta"]
[Result "0-1"]
[WhiteTitle "IM"]
[BlackTitle "WGM"]
[WhiteElo "2472"]
[BlackElo "2422"]
[WhiteTeam "Georgia"]
[BlackTeam "Poland"]
[WhiteFideId "13602993"]
[BlackFideId "1122320"]
[EventDate "2017.10.28"]

1. d4 d5 2. c4 e6 3. Nc3 c6 4. Nf3 dxc4 5. e4 b5 6. Be2 Bb7 7. O-O Nf6 8. e5 Nd5
9. Ne4 h6 10. Bd2 Be7 11. b3 cxb3 12. axb3 O-O 13. Ba5 Qd7 14. Nc5 Bxc5 15. dxc5
Qe7 16. b4 Nd7 17. Bd3 f5 18. exf6 Rxf6 19. Ra3 Rf4 20. Rb3 Raf8 21. Bb1 e5 22.
g3 Rc4 23. Re1 e4 24. Nd2 e3 25. Rbxe3 Nxe3 26. Nxc4 bxc4 27. Rxe3 Qf7 28. Qc2
Nf6 29. Re1 Bc8 30. Ba2 Be6 31. Rc1 Ng4 32. Bxc4 Nxf2 33. Bxe6 Qxe6 34. Qc4 Nh3+
35. Kh1 Ng5 36. Qxe6+ Nxe6 37. Rd1 Rf2 38. h4 Ra2 39. Rd6 Nxc5 40. Rxc6 Nd3 41.
Rc3 Ne5 42. Kg1 Kf7 43. Kf1 Kf6 44. Bc7 g6 45. Rc5 Nd3 46. Rc4 Rf2+ 47. Kg1 Rb2
48. Bd6 Ke6 49. Bc5 Ne5 50. Rf4 g5 51. hxg5 hxg5 52. Rf8 Kd5 53. Ra8 Nf3+ 54.
Kf1 Rd2 55. Rf8 Nh2+ 56. Ke1 Ra2 57. Be7 Ke4 58. Kd1 Nf3 59. Bc5 Ne5 60. Re8 Kd5
61. Rd8+ Kc4 62. Rd4+ Kc3 63. Re4 Rd2+ 64. Kc1 Nd3+ 65. Kb1 Rb2+ 66. Ka1 Kb3 67.
Re3 Rd2 0-1

[Event "21st European Teams Women"]
[Site "Hersonissos GRE"]
[Date "2017.11.05"]
[Round "8.2"]
[Board "3"]
[White "Szczepkowska, Karina"]
[Black "Javakhishvili, Lela"]
[Result "1-0"]
[WhiteTitle "IM"]
[BlackTitle "IM"]
[WhiteElo "2406"]
[BlackElo "2438"]
[WhiteTeam "Poland"]
[BlackTeam "Georgia"]
[WhiteFideId "1122681"]
[BlackFideId "13601458"]
[EventDate "2017.10.28"]

1. d4 Nf6 2. c4 e6 3. Nf3 d5 4. Nc3 Be7 5. g3 c6 6. Bg2 dxc4 7. Ne5 O-O 8. O-O
Nbd7 9. Nxc4 Nb6 10. Ne5 c5 11. dxc5 Bxc5 12. Qb3 Nbd5 13. Bd2 b6 14. Nd3 Ba6
15. Nxc5 bxc5 16. Bg5 Rb8 17. Qa3 Nxc3 18. bxc3 Bxe2 19. Rfe1 Bc4 20. Qxa7 Qb6
21. Qa4 Qa6 22. Qxa6 Bxa6 23. Red1 Bc4 24. Bxf6 gxf6 25. a4 Rfd8 26. Rxd8+ Rxd8
27. a5 Rd6 28. Bf1 Ba6 29. Bxa6 Rxa6 30. Kf1 Kf8 31. Ke2 Ke7 32. Kd3 Kd6 33. Kc4
Kc6 34. g4 h6 35. f3 e5 36. Ra3 Kb7 37. Kxc5 f5 38. gxf5 Rf6 39. Kd5 Rxf5 40.
a6+ Ka7 41. c4 Rh5 42. Kd6 Rxh2 43. c5 e4 44. fxe4 Rd2+ 45. Kc7 f6 46. Rf3 Rd4
47. Rxf6 Rxe4 48. Kd7 Rd4+ 49. Rd6 Rg4 50. c6 Rg7+ 51. Kc8 Rg8+ 52. Rd8 Rg6 53.
c7 Rg7 54. Rh8 Kb6 55. Kb8 1-0